| 000 -CABECERA |
| Longitud fija campo de control |
00793nas a22002177a 4500 |
| 003 - IDENTIFICADOR DEL NÚMERO DE CONTROL |
| Identificador del número de control |
OSt |
| 005 - FECHA Y HORA DE LA ÚLTIMA TRANSACCIÓN |
| Fecha y hora de la última transacción |
20181016133059.0 |
| 008 - CÓDIGOS DE INFORMACIÓN DE LONGITUD FIJA |
| Códigos de información de longitud fija |
130703c1961 f ||||| |||| 00| 0 fre d |
| 022 ## - NÚMERO INTERNACIONAL NORMALIZADO PARA PUBLICACIONES SERIADAS |
| Número Internacional Normalizado para Publicaciones Seriadas |
0588-8018 |
| 040 ## - FUENTE DE LA CATALOGACIÓN |
| Centro transcriptor |
CDMR |
| Lengua de catalogación |
cat |
| 245 00 - MENCIÓN DE TÍTULO |
| Título |
Communications |
| Mención de responsabilidad, etc. |
École des hautes études en sciences sociales - Centre Edgar Morin |
| 260 ## - PUBLICACIÓN, DISTRIBUCIÓN, ETC. (PIE DE IMPRENTA) |
| Lugar de publicación, distribución, etc. |
Paris |
| Nombre del editor, distribuidor, etc. |
Seuil |
| Fecha de publicación, distribución, etc. |
1961- |
| 300 ## - DESCRIPCIÓN FÍSICA |
| Extensión |
v. |
| 310 ## - PERIODICIDAD ACTUAL |
| Periodicidad actual |
Semestral |
| 362 ## - FECHAS DE PUBLICACIÓN Y/O DESIGNACIÓN SECUENCIAL |
| Fecha de publicación y/o designación secuencial |
No 1 (1961) - |
| 650 04 - PUNTO DE ACCESO ADICIONAL DE MATERIA - TÉRMINO DE MATERIA |
| 9 (RLIN) |
1460 |
| Término de materia o nombre geográfico como elemento inicial |
Sociologia de la comunicació |
| 710 2# - PUNTO DE ACCESO ADICIONAL - NOMBRE DE ENTIDAD |
| 9 (RLIN) |
3912 |
| Nombre de entidad o nombre de jurisdicción como elemento inicial |
Centre national de la recherche scientifique |
| Unidad subordinada |
-- Institut interdisciplinaire d’anthropologie du contemporain |
| 710 2# - PUNTO DE ACCESO ADICIONAL - NOMBRE DE ENTIDAD |
| 9 (RLIN) |
3911 |
| Nombre de entidad o nombre de jurisdicción como elemento inicial |
École des hautes études en sciences sociales |
| 856 40 - LOCALIZACIÓN Y ACCESO ELECTRÓNICO |
| Identificador Uniforme del Recurso (URI) |
<a href="http://www.persee.fr/web/revues/home/prescript/revue/comm">http://www.persee.fr/web/revues/home/prescript/revue/comm</a> |
| Texto del enlace |
Disponible en línia |
| 856 40 - LOCALIZACIÓN Y ACCESO ELECTRÓNICO |
| Identificador Uniforme del Recurso (URI) |
<a href="https://dialnet.unirioja.es/ejemplar/398639">https://dialnet.unirioja.es/ejemplar/398639</a> |
| Texto del enlace |
Disponibles en línia núm. 1 (1961) - núm. 93 (2013) |
| 942 ## - ENTRADA DE ELEMENTOS AGREGADOS (KOHA) |
| Fuente de clasificaión o esquema |
|
| Koha [por defecto] tipo de item |
Publicacions periòdiques |
| Marca de registro de periódicas |
1 |